| 000 | 01247nam a2200253Ia 4500 | ||
|---|---|---|---|
| 001 | 613 | ||
| 003 | GE_BSU | ||
| 008 | 181216s||||||||xx |||||||||||||| ||und|| | ||
| 020 | _a9789941416606 | ||
| 040 | _cGE_BSU | ||
| 080 | _a14 | ||
| 100 | _aშმიტი,კარლ | ||
| 245 | _aხმელეთი და ზღვა | ||
| 245 | _bმსოფლიო-ისტორიული განაზრება. სამეც.სერია ფილოსოფ–სოციოლ.კლასიკ. და თანამედროვე ტექსტები–თარგმანები. ტ.3 | ||
| 245 | _cგერმ. თარგმნა გიორგი თავაძემ სერიის დამფუძნებელი და მთ. რედ. თენგიზ ირემაძე | ||
| 260 | _aთბილისი | ||
| 260 | _bგრ. რობაქიძის სახ.უნ–ტი | ||
| 260 | _c2010 | ||
| 300 | _a178 გვ. | ||
| 541 | _h4ლ. | ||
| 653 | _aფილოსოფიური კონცეფციები; სოციოლოგია; გეოპოლიტიკა; | ||
| 653 | _aხმელეთი და ზღვა | ||
| 942 | _cBK | ||
| 999 |
_c34803 _d34803 |
||